Sports Quiz

Random Sports or Color Quiz

2017/18 UCL Teams by Kits Quiz Stats

 Plays Quiz Updated May 16, 2018

Score 0/16 Timer 04:00
0 Plays Today
% Correct
Chelsea
94.2%
Barcelona
92.9%
Manchester City
92.8%
Manchester United
92.7%
Roma
92.5%
Juventus
91.7%
Paris Saint-Germain
90.4%
Bayern Munich
90.1%
% Correct
Real Madrid
89.3%
Porto
86.9%
Tottenham Hotspur
86.4%
Basel
84.5%
Shakhtar Donetsk
84.5%
Sevilla
82.4%
Liverpool
76.1%
Beşiktaş
75.2%

You're not logged in!

Compare scores with friends on all Sporcle quizzes.
OR
Log In

Sporcle TV

Today on Sporcle TV


Watch our educational content, quiz creation guides, and fun videos on Sporcle TV.

Show Comments

Extras

Top Quizzes Today


Score Distribution

Your Account Isn't Verified!

In order to create a playlist on Sporcle, you need to verify the email address you used during registration. Go to your Sporcle Settings to finish the process.

Report this User

Report this user for behavior that violates our Community Guidelines.

Details: